000 00354nam a2200145Ia 4500
008 221030s9999 xx 000 0 und d
020 _a9339203089
041 _aEnglish
100 _aS. Gupta
245 0 _aInternational Business
_cby S. Gupta
260 _bMcGraw - Hill Pub.
_aNew Delhi
_c2015
300 _a650
650 _aManagement
942 _cBK
999 _c16933
_d16933